[Event "Obninsk op"]
[Site "Obninsk"]
[Date "2009.07.??"]
[Round "7"]
[White "Akopova, Anna"]
[Black "Motorin, Alexander"]
[Result "1/2-1/2"]
[WhiteElo "1959"]
[BlackElo "1907"]
[PlyCount "42"]
[EventDate "2009.07.??"]
[EventType "swiss"]
[EventRounds "9"]
[EventCountry "RUS"]
[SourceTitle "CBM 131 Extra"]
[Source "ChessBase"]
[SourceDate "2009.09.03"]
[SourceVersion "2"]
[SourceVersionDate "2009.09.16"]
[SourceQuality "1"]

1. e4 e6 2. d4 d5 3. Nc3 Nf6 4. Bg5 Bb4 5. e5 h6 6. Bh4 g5 7. Bg3 Ne4 8. Qd3 c5 9. Nge2 Nc6 10. a3 Qa5 11. 0-0-0 Bxc3 12. Nxc3 Nxc3 13. Qxc3 Qxc3 14. bxc3 c4 15. h4 Rg8 16. Be2 Ne7 17. hxg5 hxg5 18. f3 Bd7 19. Bf2 0-0-0 20. Rh5 Rg6 21. Rdh1 Rdg8 1/2-1/2

[Event "Obninsk op"]
[Site "Obninsk"]
[Date "2009.07.??"]
[Round "3"]
[White "Akopova, Anna"]
[Black "Petrov, Alexander V"]
[Result "1/2-1/2"]
[WhiteElo "1959"]
[BlackElo "2177"]
[PlyCount "79"]
[EventDate "2009.07.??"]
[EventType "swiss"]
[EventRounds "9"]
[EventCountry "RUS"]
[SourceTitle "CBM 131 Extra"]
[Source "ChessBase"]
[SourceDate "2009.09.03"]
[SourceVersion "2"]
[SourceVersionDate "2009.09.16"]
[SourceQuality "1"]

1. e4 c5 2. Ne2 Nf6 3. d3 d5 4. e5 Ng4 5. f4 e6 6. d4 Nc6 7. c3 Qa5 8. h3 Nh6 9. Be3 Nf5 10. Bf2 cxd4 11. Nxd4 Ncxd4 12. Bxd4 Ng3 13. Rg1 Nf5 14. Bf2 Bc5 15. Qe2 0-0 16. g4 Ne7 17. Nd2 Ng6 18. Nb3 Bxf2+ 19. Qxf2 Qb6 20. Rg2 f5 21. g5 Bd7 22. Qxb6 axb6 23. Rf2 Kf7 24. Nd4 Ne7 25. b3 Nc6 26. Nf3 Rfc8 27. Bd3 Na5 28. Rc1 Nc6 29. Rcc2 Rc7 30. Kd1 Rac8 31. Rg2 Ne7 32. Nd4 Rxc3 33. Rxc3 Rxc3 34. Kd2 Rc8 35. Rg1 Ng6 36. Ne2 Rc5 37. b4 Rc8 38. Ke3 Ba4 39. Nd4 Rc3 40. Rf1 1/2-1/2

[Event "RUS-ch U14 Girls"]
[Site "Dagomys"]
[Date "2009.04.20"]
[Round "6"]
[White "Severina, Maria"]
[Black "Akopova, Anna"]
[Result "1-0"]
[WhiteElo "1969"]
[BlackElo "1940"]
[PlyCount "145"]
[EventDate "2009.04.15"]
[EventType "swiss"]
[EventRounds "9"]
[EventCountry "RUS"]
[SourceTitle "CBM 130 Extra"]
[Source "ChessBase"]
[SourceDate "2009.07.02"]
[SourceVersion "2"]
[SourceVersionDate "2009.07.15"]
[SourceQuality "1"]

1. d4 Nf6 2. c4 g6 3. Nc3 Bg7 4. Nf3 0-0 5. g3 d6 6. Bg2 Nbd7 7. 0-0 e5 8. e4 Ne8 9. Bg5 f6 10. Be3 Kh8 11. c5 exd4 12. Bxd4 Ne5 13. cxd6 Qxd6 14. Bxe5 fxe5 15. Qe2 c6 16. Nd2 Be6 17. Nc4 Qc5 18. Ne3 Nc7 19. Rac1 Qe7 20. Rce1 Rf7 21. h4 Bd7 22. Qc2 Ne6 23. Ne2 Bh6 24. Ng4 Nd4 25. Nxd4 Bxg4 26. Nb3 Rd8 27. f3 Be6 28. Rd1 Rff8 29. Rxd8 Rxd8 30. Rd1 Rxd1+ 31. Qxd1 Qd7 32. Qc2 Be3+ 33. Kh2 Qd6 34. a3 b6 35. Nc1 b5 36. Nd3 c5 37. Qe2 Bd4 38. f4 Bc4 39. fxe5 Bxe5 40. Nxe5 Qxe5 41. Qd2 Qe7 42. Qc3+ Kg8 43. e5 Be6 44. Qf3 Kg7 45. Qc6 Qd7 46. Qxc5 a6 47. b4 Kf7 48. Qf2+ Kg8 49. Qb6 Qc8 50. Qd6 Kf7 51. Qd4 Qd7 52. Qf4+ Kg8 53. Qe4 Kf7 54. Qa8 Qc8 55. Qa7+ Kg8 56. Qe7 Qd7 57. Qxd7 Bxd7 58. Bd5+ Kf8 59. Kg2 Ke7 60. Kf3 Bf5 61. g4 Bd3 62. Ke3 Bc2 63. Kd4 h6 64. g5 hxg5 65. hxg5 Bd1 66. Kc5 Be2 67. Kd4 Kd7 68. Be4 Bh5 69. Kd5 Ke7 70. e6 Bg4 71. Bxg6 Bxe6+ 72. Kc6 Kd8 73. Be4 1-0

[Event "RUS-ch U14 Girls"]
[Site "Dagomys"]
[Date "2009.04.19"]
[Round "5"]
[White "Akopova, Anna"]
[Black "Belova, Olga"]
[Result "1-0"]
[WhiteElo "1940"]
[BlackElo "1881"]
[PlyCount "99"]
[EventDate "2009.04.15"]
[EventType "swiss"]
[EventRounds "9"]
[EventCountry "RUS"]
[SourceTitle "CBM 130 Extra"]
[Source "ChessBase"]
[SourceDate "2009.07.02"]
[SourceVersion "2"]
[SourceVersionDate "2009.07.15"]
[SourceQuality "1"]

1. e4 c5 2. Ne2 d6 3. g3 g6 4. Bg2 Bg7 5. c3 Nc6 6. d4 cxd4 7. cxd4 Bg4 8. f3 Bd7 9. Nbc3 e6 10. 0-0 Nge7 11. Be3 0-0 12. Qd2 Rc8 13. Rac1 e5 14. Nb5 Nxd4 15. Nbxd4 Rxc1 16. Rxc1 exd4 17. Bxd4 Bxd4+ 18. Qxd4 Bb5 19. Nc3 Nc6 20. Qd2 Bc4 21. b3 Be6 22. Kh1 Qe7 23. Nd5 Bxd5 24. Qxd5 Rd8 25. Rd1 Qc7 26. Qd2 a5 27. Bf1 Qb6 28. f4 Qb4 29. Bc4 Qxd2 30. Rxd2 Kf8 31. Bd5 Ke7 32. Rc2 Rc8 33. a3 f6 34. Kg2 Kd7 35. Kf2 Ne7 36. Rxc8 Kxc8 37. Be6+ Kc7 38. Ke3 Nc6 39. Bd5 f5 40. exf5 gxf5 41. h3 Ne7 42. Bf7 d5 43. g4 Kd6 44. g5 Ng6 45. h4 Nxh4 46. Bg8 Ng2+ 47. Kf3 Ne1+ 48. Kf2 Nc2 49. Bxh7 Nxa3 50. g6 1-0

[Event "Moscow Petrosian Memorial U18"]
[Site "Moscow"]
[Date "2009.01.??"]
[Round "1"]
[White "Omariev, Maksim"]
[Black "Akopova, Anna"]
[Result "1-0"]
[WhiteElo "2248"]
[BlackElo "1940"]
[PlyCount "123"]
[EventDate "2009.01.??"]
[EventType "swiss"]
[EventRounds "9"]
[EventCountry "RUS"]
[SourceTitle "EXT 2010"]
[Source "ChessBase"]
[SourceDate "2010.11.25"]
[SourceVersion "1"]
[SourceVersionDate "2010.11.25"]
[SourceQuality "1"]

1. e4 c5 2. Nf3 g6 3. d4 Bg7 4. Nc3 cxd4 5. Nxd4 Nc6 6. Be3 Nf6 7. Bc4 0-0 8. Bb3 d6 9. f3 Bd7 10. Qd2 a6 11. h4 Re8 12. h5 Na5 13. hxg6 hxg6 14. 0-0-0 Rc8 15. Nd5 Nxd5 16. exd5 Nc4 17. Bxc4 Rxc4 18. Ne2 Bf5 19. Nd4 Bd7 20. g4 e5 21. dxe6 Bxe6 22. Kb1 Kf8 23. Bh6 Bxh6 24. Qxh6+ Ke7 25. Qg7 Rg8 26. Qh7 Qf8 27. Nxe6 Kxe6 28. Qh2 Rc6 29. Rd3 Kd7 30. Re1 Qg7 31. g5 Rd8 32. Qh3+ Kc7 33. Re7+ Kb8 34. Qe6 Qh8 35. Qe1 Qh2 36. c3 Qf4 37. Qe3 Qxe3 38. Rdxe3 Rc7 39. Kc2 Rdd7 40. Rxd7 Rxd7 41. Kd3 Kc7 42. Kd4 Kc6 43. c4 b6 44. b4 b5 45. cxb5+ Kxb5 46. a3 Ra7 47. Kd5 Rd7 48. Rc3 Re7 49. Kxd6 Re6+ 50. Kd5 Kb6 51. a4 Kb7 52. a5 Re7 53. Rc6 Rd7+ 54. Rd6 Re7 55. Rb6+ Ka7 56. f4 Rd7+ 57. Rd6 Rb7 58. Kc6 Rxb4 59. Rd7+ Kb8 60. Rxf7 Rb5 61. Rf6 Rxa5 62. Rxg6 1-0

[Event "Moscow Petrosian Memorial U18"]
[Site "Moscow"]
[Date "2009.01.??"]
[Round "3"]
[White "Piskun, Alexey"]
[Black "Akopova, Anna"]
[Result "1/2-1/2"]
[WhiteElo "2095"]
[BlackElo "1940"]
[PlyCount "91"]
[EventDate "2009.01.??"]
[EventType "swiss"]
[EventRounds "9"]
[EventCountry "RUS"]
[SourceTitle "EXT 2010"]
[Source "ChessBase"]
[SourceDate "2010.11.25"]
[SourceVersion "1"]
[SourceVersionDate "2010.11.25"]
[SourceQuality "1"]

1. e4 c5 2. Nf3 g6 3. d4 Bg7 4. dxc5 Qa5+ 5. c3 Qxc5 6. Na3 Qc7 7. Nb5 Qd8 8. Bg5 d6 9. Bd3 Nc6 10. Qe2 Bg4 11. Be3 a6 12. Na3 Ne5 13. Nc4 Bxf3 14. gxf3 Nxc4 15. Bxc4 Nf6 16. a4 Qc8 17. h4 0-0 18. Bd3 Qc6 19. Qc2 Qd7 20. Ke2 Nh5 21. Rag1 d5 22. Rd1 dxe4 23. Bxe4 Qc7 24. Qb3 Rab8 25. Rd2 Rfd8 26. Rxd8+ Qxd8 27. Qd5 Qc7 28. Rd1 Nf6 29. Qc5 Qxc5 30. Bxc5 Nxe4 31. fxe4 Bf6 32. Rd7 Bxh4 33. Bxe7 Bxe7 34. Rxe7 Kf8 35. Rc7 b5 36. a5 Re8 37. Kf3 Re6 38. Ra7 h5 39. b4 Rc6 40. Kg2 Ke8 41. f3 Rd6 42. Rc7 Rf6 43. Kg3 Kd8 44. Ra7 Ke8 45. Rc7 Kd8 46. Ra7 1/2-1/2

[Event "EU-ch U12 Girls 18th"]
[Site "Herceg Novi"]
[Date "2008.09.21"]
[Round "6"]
[White "Ostalska, Natalia"]
[Black "Akopova, Anna"]
[Result "0-1"]
[WhiteElo "1518"]
[BlackElo "1858"]
[PlyCount "138"]
[EventDate "2008.09.15"]
[EventType "swiss"]
[EventRounds "9"]
[EventCountry "MNE"]
[SourceTitle "CBM 126 Extra"]
[Source "ChessBase"]
[SourceDate "2008.11.05"]
[SourceVersion "1"]
[SourceVersionDate "2008.11.05"]
[SourceQuality "1"]

1. e4 c5 2. c3 d5 3. exd5 Qxd5 4. d4 cxd4 5. cxd4 Nc6 6. Nf3 e5 7. dxe5 Qxd1+ 8. Kxd1 Bg4 9. Be2 0-0-0+ 10. Bd2 Bxf3 11. Bxf3 Nxe5 12. Be4 Bc5 13. Ke2 Nf6 14. Bf5+ Kb8 15. Re1 Bd4 16. Bc3 Nc4 17. b3 Rhe8+ 18. Kf1 Nd2+ 19. Bxd2 Rxe1+ 20. Kxe1 Bxa1 21. Bf4+ Ka8 22. Na3 Re8+ 23. Kd1 Be5 24. Be3 g6 25. Bh3 Nd5 26. Bd2 Nf4 27. Bxf4 Bxf4 28. g3 Bc7 29. Nc4 b5 30. Bg2+ Kb8 31. Nd2 f5 32. Bc6 Rd8 33. Ke2 a6 34. a3 Be5 35. a4 Bc3 36. Nf3 bxa4 37. Bxa4 Kc7 38. Ng5 Rd2+ 39. Kf1 Bd4 40. Ke1 Bc3 41. Kf1 h6 42. Nf3 Rd6 43. Ke2 Kb6 44. Nh4 Rf6 45. Bd7 Kc7 46. Ba4 g5 47. Nf3 Rd6 48. Ke3 Kb6 49. Ke2 Kc5 50. Ke3 Kb4 51. Ke2 Ka3 52. Ke3 Rd1 53. Ke2 Rb1 54. Kd3 Rxb3 55. Bxb3 Kxb3 56. h4 g4 57. Ng1 a5 58. Ne2 Be5 59. Nc1+ Kb2 60. Kd2 Bd4 61. Nd3+ Kb1 62. Kd1 a4 63. Ke2 a3 64. Nb4 Bc5 65. Nd5 Kb2 66. Nf4 Bd6 67. Nd3+ Kb1 68. Ne1 a2 69. Nd3 a1Q 0-1